| 000 | 00323nam a22001337a 4500 | ||
|---|---|---|---|
| 082 |
_a940.4 _bCHU |
||
| 245 | _aThe world crisis a criticism | ||
| 250 | _a2nd | ||
| 260 |
_aLondon _bHutchinson and Co |
||
| 300 |
_aP-191 _bill, _c36cm |
||
| 526 |
_a0 _b0 _c0 _d940_400000000000000_CHU |
||
| 650 |
_aMCE _9379 |
||
| 942 |
_2ddc _cBK |
||
| 999 |
_c553282 _d553282 |
||